Estadísticas para Países más jóvenes del mundo

Haz click aquí para intentar la prueba.

Estadísticas generales

  • Esta prueba ha sido intentada 69 veces
  • La puntuación promedio es 14 de 20

Estadísticas de respuestas

Respuesta% Correcto
2006Serbia
95%
2011Sudan del Sur
95%
1992Croacia
90%
2006Montenegro
90%
1992Bosnia y Herzegovina
82%
1992Macedonia del Norte
80%
1991Ucrania
77%
1991Estonia
75%
1991Kazajistán
75%
1991Letonia
75%
1991Tayikistán
75%
1991Bielorrusia
74%
1991Lituania
74%
1991Uzbekistan
74%
1991Turkmenistán
70%
1991Kirguistán
69%
1991Albania
56%
2002Timor Oriental
52%
1993Eritrea
36%
1994Palaos
16%

Distribución de puntuación

Porcentaje por número respondido

Porcentaje de gente con cada puntuación

Historial de tus puntuaciones

No has intentado esta prueba.